[Event "DEN-ch sf5"]
[Site "Svendborg"]
[Date "2024.03.29"]
[Round "3"]
[White "Pedersen, Kim Michael"]
[Black "Kjeldsen, Johannes Juel"]
[Result "1/2-1/2"]
[WhiteElo "1801"]
[BlackElo "1724"]
[PlyCount "49"]
[EventDate "2024.03.29"]
[EventType "swiss"]
[EventRounds "7"]
[EventCountry "DEN"]
[SourceTitle "CB16_2024"]
[SourceDate "2024.04.17"]
[SourceVersion "1"]
[SourceVersionDate "2024.04.17"]
[SourceQuality "1"]

1. d4 f5 2. Bf4 Nf6 3. e3 d6 4. Nd2 g6 5. Ngf3 Bg7 6. Bc4 e6 7. h3 Qe7 8. Qe2 Nc6 9. c3 e5 10. dxe5 dxe5 11. Bh2 e4 12. Nd4 Ne5 13. Bxe5 Qxe5 14. f4 Qe7 15. Rg1 c5 16. N4b3 a6 17. a4 b6 18. 0-0-0 Bb7 19. g4 fxg4 20. hxg4 Nd5 21. Kc2 Qf6 22. Nxe4 Nb4+ 23. Kc1 Bxe4 24. cxb4 Bf3 25. g5 1/2-1/2

[Event "Nordic-chT U13"]
[Site "Fredericia"]
[Date "2023.01.21"]
[Round "2.3"]
[White "Kjeldsen, Johannes Juel"]
[Black "Eythorsson, Engilbert Vidar"]
[Result "1/2-1/2"]
[WhiteElo "1250"]
[BlackElo "1433"]
[PlyCount "158"]
[EventDate "2023.01.20"]
[EventType "team-tourn"]
[EventRounds "5"]
[EventCountry "DEN"]
[SourceTitle "CBM 213 Extra"]
[Source "ChessBase"]
[SourceDate "2023.05.31"]
[SourceVersion "1"]
[SourceVersionDate "2023.05.31"]
[SourceQuality "1"]
[WhiteTeam "Denmark"]
[BlackTeam "Iceland"]
[WhiteTeamCountry "DEN"]
[BlackTeamCountry "ISL"]

1. d4 Nf6 2. c4 e6 3. Nf3 b6 4. g3 Bb7 5. Bg2 d5 6. cxd5 exd5 7. Bg5 h6 8. Bf4 Bb4+ 9. Nbd2 0-0 10. 0-0 Re8 11. a3 Bxd2 12. Qxd2 Ne4 13. Qc2 c5 14. dxc5 bxc5 15. Rfe1 Nd7 16. Nd2 Ndf6 17. Nxe4 Nxe4 18. Bxe4 Rxe4 19. Qxc5 Rc4 20. Qd6 Qc8 21. Rac1 Qf5 22. Rxc4 dxc4 23. e4 Bxe4 24. Qe5 Qxe5 25. Bxe5 Bf3 26. Re3 Bd5 27. f4 Rd8 28. Rc3 Be6 29. Rc2 f6 30. Bc3 Bf5 31. Rd2 Bd3 32. Kf2 Re8 33. a4 Kh7 34. a5 a6 35. b3 Kg6 36. b4 Kf5 37. h3 g5 38. fxg5 fxg5 39. Kf3 h5 40. g4+ hxg4+ 41. hxg4+ Kg6 42. Rf2 Re4 43. Kg3 Re3+ 44. Rf3 Re6 45. Rf2 Rd6 46. Rf8 Bc2 47. Rf3 Be4 48. Re3 Bc6 49. Kf2 Bb5 50. Kf3 Rd1 51. Re1 Rd3+ 52. Re3 Rd7 53. Re6+ Kf7 54. Re5 Rd6 55. Rf5+ Kg6 56. Re5 Rf6+ 57. Kg3 Rf1 58. Re1 Rf4 59. Re6+ Kf7 60. Re5 Bc6 61. Rf5+ Rxf5 62. gxf5 Be4 63. Kg4 Ke7 64. Kxg5 Kd6 65. f6 Bd5 66. Kg6 Kd7 67. Kg7 Ke8 68. b5 Kd8 69. bxa6 Kc8 70. Bd4 Kb8 71. f7 Bxf7 72. Kxf7 Ka8 73. Ke6 c3 74. Bxc3 Ka7 75. Kd6 Kxa6 76. Kc7 Ka7 77. Bd2 Ka8 78. Kb6 Kb8 79. Bf4+ Ka8 1/2-1/2

[Event "DEN-ch U12 rapid"]
[Site "Odense"]
[Date "2021.10.01"]
[Round "5"]
[White "Kjeldsen, Johannes Juel"]
[Black "Snedker, Oliver Kaehne"]
[Result "0-1"]
[WhiteElo "1119"]
[BlackElo "1463"]
[PlyCount "74"]
[EventDate "2021.10.01"]
[EventType "swiss"]
[EventRounds "7"]
[EventCountry "DEN"]
[SourceTitle "EXT 2024"]
[Source "ChessBase"]
[SourceDate "2023.10.10"]
[SourceVersion "1"]
[SourceVersionDate "2023.10.10"]
[SourceQuality "1"]

1. d4 c5 2. Bf4 e6 3. dxc5 Bxc5 4. e3 a6 5. Bd3 d5 6. c3 Nc6 7. Nf3 Nge7 8. Nbd2 Ng6 9. Bg3 e5 10. Bxg6 hxg6 11. Nxe5 Bd6 12. Ndf3 Be6 13. Nxc6 bxc6 14. Bxd6 Qxd6 15. Qd4 f6 16. a3 g5 17. g4 c5 18. Qa4+ Bd7 19. Qc2 Bxg4 20. Qg6+ Kf8 21. Nxg5 Ra7 22. Nh7+ Rxh7 23. Qxh7 a5 24. Rg1 Be6 25. Qh8+ Bg8 26. Ke2 Qa6+ 27. Kd2 Rb7 28. b4 cxb4 29. axb4 Qc4 30. Rxa5 Qc8 31. Rxd5 Ra7 32. h4 Ra2+ 33. Kd3 Qa6+ 34. Ke4 Qe6+ 35. Kf4 Rxf2+ 36. Kg3 Qxe3+ 37. Kg4 Qf3# 0-1